ARRUPE JESUIT UNIVERSITY

CORONAVIRUS -STOP THE SPREAD - CLEAN,DISINFECT,COVER

The Land Commission of 1894 and the land / (Record no. 126331)

MARC details
000 -LEADER
fixed length control field 00924cam a2200265 a 4500
001 - CONTROL NUMBER
control field 4240288
003 - CONTROL NUMBER IDENTIFIER
control field ARRUPE
005 - DATE AND TIME OF LATEST TRANSACTION
control field 20170322113917.0
008 - FIXED-LENGTH DATA ELEMENTS--GENERAL INFORMATION
fixed length control field 830711s1980 rh 000 0 eng
010 ## - LIBRARY OF CONGRESS CONTROL NUMBER
LC control number 82981033
040 ## - CATALOGING SOURCE
Original cataloging agency DLC
Transcribing agency DLC
Modifying agency DLC
043 ## - GEOGRAPHIC AREA CODE
Geographic area code f-rh---
050 00 - LIBRARY OF CONGRESS CALL NUMBER
Classification number DT1
Item number .C4 no. 36
Classification number HD992
082 00 - DEWEY DECIMAL CLASSIFICATION NUMBER
Classification number 333.3/1/6891
Edition number 19
300 ## - PHYSICAL DESCRIPTION
Dimensions 25 cm.
100 1# - MAIN ENTRY--PERSONAL NAME
Personal name Stigger, P.
9 (RLIN) 29523
245 14 - TITLE STATEMENT
Title The Land Commission of 1894 and the land /
Statement of responsibility, etc P. Stigger.
260 ## - PUBLICATION, DISTRIBUTION, ETC. (IMPRINT)
Place of publication, distribution, etc Salisbury :
Name of publisher, distributor, etc Historical Association of Zimbabwe,
Date of publication, distribution, etc c1980.
300 ## - PHYSICAL DESCRIPTION
Extent 39 p. ;
490 1# - SERIES STATEMENT
Series statement Local series / The Historical Association of Zimbabwe ;
Volume number/sequential designation 36
610 10 - SUBJECT ADDED ENTRY--CORPORATE NAME
Corporate name or jurisdiction name as entry element Southern Rhodesia.
Subordinate unit Land Commission of 1894
General subdivision History.
9 (RLIN) 29524
650 #0 - SUBJECT ADDED ENTRY--TOPICAL TERM
Topical term or geographic name as entry element Land war
Geographic subdivision Zimbabwe
General subdivision History.
9 (RLIN) 29525
650 #0 - SUBJECT ADDED ENTRY--TOPICAL TERM
Topical term or geographic name as entry element Land settlement
Geographic subdivision Zimbabwe
General subdivision History.
9 (RLIN) 29526
830 #0 - SERIES ADDED ENTRY--UNIFORM TITLE
Uniform title Local series pamphlet ;
Volume number/sequential designation 36.
9 (RLIN) 29527
906 ## - LOCAL DATA ELEMENT F, LDF (RLIN)
a 7
b cbc
c orignew
d 3
e ncip
f 19
g y-gencatlg
942 ## - ADDED ENTRY ELEMENTS (KOHA)
Source of classification or shelving scheme Library of Congress Classification
Koha item type Monograph ( Printed materials)
Holdings
Withdrawn status Lost status Source of classification or shelving scheme Damaged status Not for loan Collection code Home library Current library Shelving location Date acquired Total Checkouts Full call number Barcode Date last seen Price effective from Koha item type
    Library of Congress Classification     Main Collection ARRUPE LIBRARY ARRUPE LIBRARY Main Collection 22/03/2017   SPC DT1 .C4 no. 36 46500025533 22/03/2017 22/03/2017 SPC

 

Arrupe Library. PO Box MP320 Mt Pleasant, Harare, Zimbabwe
263 242 745411|librarian@aju.ac.zw